De compras. (Record no. 29383)

MARC details
000 -LEADER
fixed length control field 00606nam a22002298a 4500
001 - CONTROL NUMBER
control field zsolco b3527751
003 - CONTROL NUMBER IDENTIFIER
control field PWmBRO
005 - DATE AND TIME OF LATEST TRANSACTION
control field 20240317193447.0
008 - FIXED-LENGTH DATA ELEMENTS--GENERAL INFORMATION
fixed length control field 900430s1991 nyu j 00000 eng
020 ## - INTERNATIONAL STANDARD BOOK NUMBER
International Standard Book Number 9501109852 (pbk)
020 ## - INTERNATIONAL STANDARD BOOK NUMBER
International Standard Book Number 9789501109856
040 ## - CATALOGING SOURCE
Transcribing agency sjds
041 ## - LANGUAGE CODE
Language code of text/sound track or separate title spa
240 00 - UNIFORM TITLE
Uniform title <a href="My first look at shopping.">My first look at shopping.</a>
Language of a work Spanish.
245 00 - TITLE STATEMENT
Title De compras.
260 0# - PUBLICATION, DISTRIBUTION, ETC. (IMPRINT)
Place of publication, distribution, etc. Buenos Aires, Argentina :
Name of publisher, distributor, etc. Sigmar,
Date of publication, distribution, etc. 1994.
300 ## - PHYSICAL DESCRIPTION
Extent unp. :
Other physical details col. illus. ;
Dimensions 19 cm.
440 #0 - SERIES STATEMENT/ADDED ENTRY--TITLE
Title Primeras imagenes.
650 #1 - SUBJECT ADDED ENTRY--TOPICAL TERM
Topical term or geographic name as entry element Shopping
General subdivision Fiction.
650 #1 - SUBJECT ADDED ENTRY--TOPICAL TERM
Topical term or geographic name as entry element Spanish language materials.
942 ## - ADDED ENTRY ELEMENTS (KOHA)
Koha item type Libro/Book
Holdings
Withdrawn status Lost status Damaged status Not for loan Home library Current library Date acquired Total Checkouts Barcode Date last seen Date checked out Price effective from Koha item type Checked out
        San Juan Del Sur -- Mobile San Juan Del Sur -- Mobile 04/03/2024 3 33016079 26/11/2024 26/09/2024 04/03/2024 Libro/Book  
        San Juan Del Sur -- Mobile Torovenado 04/03/2024 3 33016119 09/07/2024 09/07/2024 04/03/2024 Libro/Book 13/08/2024

Powered by Koha